000 00425nam a2200145Ia 4500
008 231217s9999 xx 000 0 und d
041 _aEnglish
082 _a001.6424 KOO;1 `R'
100 _aKoomen, Tim Pol, Martin
245 0 _aTest process improvement: A practical step-by-step guide to structured testing
260 _c1999
_bAddison-Wesley
300 _axv+215
650 _aTest process improvement
942 _cAA
999 _c167986
_d167986